Le ministere de la peur

Novela policiaca que narra la historia de Arthur Rowe, un hombre que tras salir del manicomio, se ve envuelto en una serie de sucesos extraños que lo llevan a buscar auxilio a una agencia de detectives para desentrañar el misterio, pero lentamente se ve envuelto en una red criminal que lo lleva a es...

Ausführliche Beschreibung

Gespeichert in:
Bibliographische Detailangaben
1. Verfasser: Greene, Graham
Format: Buch
Sprache:Undetermined
Veröffentlicht: París, Francia Le Livre de Poche 1962
Schlagworte:
Tags: Tag hinzufügen
Keine Tags, Fügen Sie den ersten Tag hinzu!

MARC

LEADER 00000nam a2200000Ia 4500
008 170316s9999 xx 000 0 und d
040 |a cru BVZT 
090 |a 820 G-13m 
100 |a Greene, Graham 
245 |a Le ministere de la peur 
260 |a París, Francia 
260 |b Le Livre de Poche 
260 |c 1962 
300 |a 254 páginas 
520 |a Novela policiaca que narra la historia de Arthur Rowe, un hombre que tras salir del manicomio, se ve envuelto en una serie de sucesos extraños que lo llevan a buscar auxilio a una agencia de detectives para desentrañar el misterio, pero lentamente se ve envuelto en una red criminal que lo lleva a estar en peligro. El libro está en francés. 
650 |a LITERATURA INGLESA  |9 12 
999 |c 6896  |d 6896 
942 |c 15 D  |h 820 G-13m  |2 z